| 000 | 00654cab a2200241 4500 | ||
|---|---|---|---|
| 001 | WB3340-02 | ||
| 008 | 090401t1997 xxu||||| |||| 00| 0 eng d | ||
| 035 | _a(Sirsi) u81423 | ||
| 041 | _aeng | ||
| 245 | _aFifth terminal | ||
| 260 | _c1997 | ||
| 350 | _a0 | ||
| 490 |
_aObserver _v12 October 1997, 3(1) |
||
| 520 | _aBAA warns that the proposed fifth terminal at Heathrow is unlikely to open before 2005 because of delays in the public inquiry. | ||
| 650 | _aAIRPORTS | ||
| 650 | _aBAA | ||
| 650 | _aFIFTH TERMINAL | ||
| 650 | _aHEATHROW | ||
| 650 | _aPUBLIC INQUIRY | ||
| 690 | _aBUILT ENVIRONMENT | ||
| 942 | _n0 | ||
| 948 | _c14/10/1997 | ||
| 999 |
_c51296 _d51296 |
||